[Event "Benedictine IV"]
[Site "Manchester"]
[Date "1981.09.04"]
[Round "1"]
[White "Bellin, Robert"]
[Black "Leontxo, Olasagasti Garcia"]
[Result "1-0"]
[WhiteElo "2390"]
[BlackElo "2230"]
[PlyCount "53"]
[EventDate "1981.09.04"]
[EventType "swiss"]
[EventRounds "9"]
[EventCountry "ENG"]
[SourceTitle "Bulletin 1981"]

1. d4 Nf6 2. Nf3 d6 3. c3 c6 4. Bg5 Ne4 5. Bh4 Qb6 6. Nbd2 Bf5 7. Nc4 Qc7 8. e3
Nd7 9. Be2 e6 10. Ncd2 Be7 11. Bxe7 Nxd2 12. Nxd2 Kxe7 13. e4 Bg6 14. f4 f6 15.
O-O Rhe8 16. Bh5 Kf7 17. e5 Bxh5 18. Qxh5+ Kg8 19. Ne4 dxe5 20. fxe5 f5 21. Nd6
Rf8 22. Rf3 Nb6 23. Raf1 Nc8 24. Ne4 Qf7 25. Qh4 h6 26. g4 Qe7 27. Qg3 {
Source: Bulletin} 1-0

[Event "Benedictine IV"]
[Site "Manchester"]
[Date "1981.09.04"]
[Round "1"]
[White "Haik, Aldo"]
[Black "Neat, Kenneth P"]
[Result "1-0"]
[WhiteElo "2440"]
[BlackElo "2305"]
[PlyCount "91"]
[EventDate "1981.09.04"]
[EventType "swiss"]
[EventRounds "9"]
[EventCountry "ENG"]
[SourceTitle "Bulletin 1981"]

1. d4 Nf6 2. c4 g6 3. Nc3 Bg7 4. Nf3 O-O 5. Bg5 h6 6. Bh4 d6 7. e3 Nbd7 8. Be2
e5 9. h3 Re8 10. Qc2 g5 11. Bg3 e4 12. Nd2 Qe7 13. Nb5 Nf8 14. c5 dxc5 15. Qxc5
Ne6 16. Qxe7 Rxe7 17. Rc1 c6 18. Nd6 Nd8 19. Be5 Be6 20. Bxf6 Bxf6 21. N2xe4
Bg7 22. a3 Bd5 23. f3 Ne6 24. Nf5 Rd7 25. Nxg7 Kxg7 26. Nc5 Nxc5 27. Rxc5 f5
28. Kf2 f4 29. e4 Bf7 30. Rd1 Rad8 31. h4 gxh4 32. Rh1 Rxd4 33. Rxh4 Rd2 34.
Rg4+ Bg6 35. Re5 Kf6 36. Rc5 Rxb2 37. Rxf4+ Ke6 38. Rc3 Rdd2 39. Re3 c5 40. Rh4
c4 41. f4 c3 42. f5+ Kf6 43. fxg6 c2 44. e5+ Kxg6 45. Rc4 Rb1 46. e6 {Source:
Bulletin} 1-0

[Event "Benedictine IV"]
[Site "Manchester"]
[Date "1981.09.04"]
[Round "1"]
[White "Hempson, Peter W"]
[Black "Plaskett, H James"]
[Result "0-1"]
[WhiteElo "2245"]
[BlackElo "2410"]
[PlyCount "62"]
[EventDate "1981.09.04"]
[EventType "swiss"]
[EventRounds "9"]
[EventCountry "ENG"]
[SourceTitle "Bulletin 1981"]

1. d4 e6 2. c4 b6 3. Nf3 Nf6 4. Bg5 Bb7 5. e3 Bb4+ 6. Nfd2 h6 7. Bh4 c5 8. a3
Ba5 9. f3 O-O 10. Bd3 Nc6 11. Bf2 d5 12. O-O Bxd2 13. Qxd2 cxd4 14. exd4 Na5
15. Qb4 dxc4 16. Bxc4 Rc8 17. Nd2 Nxc4 18. Nxc4 Nd5 19. Qb5 Nf4 20. Ne5 Rc2 21.
Qb3 Qg5 22. Ng4 Rfc8 23. Rae1 Nxg2 24. Re5 Qg6 25. Bg3 h5 26. Ne3 Nxe3 27. Qxe3
f6 28. Rxe6 h4 29. Qf4 hxg3 30. hxg3 Qh5 31. g4 Qh3 {Source: Bulletin} 0-1

[Event "Benedictine IV"]
[Site "Manchester"]
[Date "1981.09.04"]
[Round "1"]
[White "Jackson, Oliver A"]
[Black "Hartoch, Robert"]
[Result "0-1"]
[WhiteElo "2225"]
[BlackElo "2390"]
[PlyCount "60"]
[EventDate "1981.09.04"]
[EventType "swiss"]
[EventRounds "9"]
[EventCountry "ENG"]
[SourceTitle "Bulletin 1981"]

1. e4 d6 2. d4 Nf6 3. Nc3 g6 4. Bg5 c6 5. Qd2 Bg7 6. O-O-O b5 7. f3 O-O 8. h4
Nbd7 9. h5 Nxh5 10. g4 Ng3 11. Rh3 Nxf1 12. Rxf1 Re8 13. Qh2 Nf8 14. Nge2 b4
15. Nb1 f6 16. Bh6 Bxh6+ 17. Rxh6 e5 18. Rh1 Qe7 19. Nd2 Ba6 20. Nf1 Bxe2 21.
Qxe2 exd4 22. Qc4+ d5 23. Qxd4 dxe4 24. f4 e3 25. Ng3 Rad8 26. Qc4+ Qe6 27.
Qxe6+ Rxe6 28. f5 Re5 29. fxg6 hxg6 30. R1h2 Red5 {Source: Bulletin} 0-1

[Event "Benedictine IV"]
[Site "Manchester"]
[Date "1981.09.04"]
[Round "1"]
[White "Kosten, Anthony C"]
[Black "Arnason, Jon L"]
[Result "0-1"]
[WhiteElo "2315"]
[BlackElo "2440"]
[PlyCount "86"]
[EventDate "1981.09.04"]
[EventType "swiss"]
[EventRounds "9"]
[EventCountry "ENG"]
[SourceTitle "Bulletin 1981"]

1. e4 c5 2. Nf3 e6 3. b3 b6 4. Bb2 Bb7 5. Bd3 Nc6 6. c3 Nge7 7. O-O Ng6 8. Re1
Be7 9. Bf1 d5 10. exd5 exd5 11. d4 O-O 12. dxc5 bxc5 13. Na3 Bf6 14. Nc2 Nce5
15. Nxe5 Bxe5 16. Qh5 Re8 17. Bd3 Qf6 18. Re3 h6 19. Bxg6 fxg6 20. Qe2 Bc6 21.
Qa6 Qd6 22. Rh3 Re6 23. Rd1 Qe7 24. Qd3 Re8 25. Ne3 Kh7 26. Nf1 Qb7 27. Re3 d4
28. cxd4 cxd4 29. Bxd4 Rd6 30. Qc4 Bxg2 31. Qe2 Bh3 32. Rxh3 Bxh2+ 33. Nxh2
Rxe2 34. Nf3 Qd7 35. Rh4 Kg8 36. Rc1 g5 37. Kf1 Re8 38. Rh1 Rxd4 39. Nxd4 Qxd4
40. Kg2 Qg4+ 41. Kh2 Qf3 42. Rc4 g4 43. Rc2 Kh7 {Source: Bulletin} 0-1

[Event "Benedictine IV"]
[Site "Manchester"]
[Date "1981.09.04"]
[Round "1"]
[White "Morrison, Chris"]
[Black "Basman, Michael John"]
[Result "0-1"]
[WhiteElo "2240"]
[BlackElo "2400"]
[PlyCount "64"]
[EventDate "1981.09.04"]
[EventType "swiss"]
[EventRounds "9"]
[EventCountry "ENG"]
[SourceTitle "Bulletin 1981"]

1. e4 g5 2. d4 h6 3. Bd3 Bg7 4. Ne2 c5 5. c3 Nc6 6. dxc5 b6 7. cxb6 Qxb6 8. O-O
Nf6 9. Nd2 Ne5 10. Nc4 Nxc4 11. Bxc4 Bb7 12. Ng3 e6 13. Bd3 g4 14. Be3 Qc7 15.
f3 h5 16. fxg4 Nxg4 17. Qf3 O-O-O 18. Bd4 Be5 19. Bxe5 Nxe5 20. Qe3 Rdg8 21.
Ne2 f5 22. Bc2 fxe4 23. Bxe4 d5 24. Bf3 Kb8 25. Nd4 Ng4 26. Bxg4 hxg4 27. g3 e5
28. Nb5 d4 29. Nxc7 dxe3 30. Ne6 Rxh2 31. Kxh2 Rh8+ 32. Kg1 Rh1# {Source:
Bulletin} 0-1

[Event "Benedictine IV"]
[Site "Manchester"]
[Date "1981.09.04"]
[Round "1"]
[White "Murey, Jacob"]
[Black "Knox, Victor W"]
[Result "1-0"]
[WhiteElo "2450"]
[BlackElo "2315"]
[PlyCount "86"]
[EventDate "1981.09.04"]
[EventType "swiss"]
[EventRounds "9"]
[EventCountry "ENG"]
[SourceTitle "Bulletin 1981"]

1. e4 e5 2. f4 exf4 3. Nf3 d5 4. exd5 Nf6 5. c4 c6 6. Nc3 cxd5 7. d4 Bb4 8.
Qa4+ Nc6 9. cxd5 Nxd5 10. Bb5 O-O 11. Bxc6 bxc6 12. O-O Bxc3 13. bxc3 Nxc3 14.
Qxc6 Ne2+ 15. Kh1 Be6 16. Bb2 Re8 17. Qc2 Bd5 18. Rae1 Bxf3 19. gxf3 Qe7 20. d5
Rad8 21. Qd2 Qe3 22. Rd1 Rd6 23. Qd3 Rh6 24. Qxe3 fxe3 25. Rfe1 Ng3+ 26. Kg2
Nf5 27. Ba3 Ra6 28. Rd3 f6 29. Kf1 Kf7 30. Rc1 Kg6 31. d6 Nxd6 32. Bxd6 Rxa2
33. Bg3 a5 34. Rdc3 a4 35. R3c2 Ra3 36. Ke2 Rb3 37. Rg1 Kf7 38. Bd6 g5 39. Ra1
Ra8 40. Rc7+ Ke6 41. Ba3 h5 42. Re7+ Kf5 43. Ra2 g4 {time (Source: Bulletin)}
1-0

[Event "Benedictine IV"]
[Site "Manchester"]
[Date "1981.09.04"]
[Round "1"]
[White "Pytel, Krzysztof"]
[Black "Byron, Alan M"]
[Result "1-0"]
[WhiteElo "2400"]
[BlackElo "2240"]
[PlyCount "71"]
[EventDate "1981.09.04"]
[EventType "swiss"]
[EventRounds "9"]
[EventCountry "ENG"]
[SourceTitle "Bulletin 1981"]

1. Nf3 Nf6 2. c4 d6 3. d4 g6 4. g3 Bg7 5. Bg2 O-O 6. O-O Nbd7 7. Qc2 c6 8. Rd1
Re8 9. e4 e5 10. dxe5 dxe5 11. h3 Qc7 12. Be3 Nf8 13. c5 Ne6 14. Nbd2 Nd7 15.
Nc4 b6 16. Nd6 Rf8 17. b4 bxc5 18. bxc5 Ba6 19. Bf1 Bxf1 20. Kxf1 Rfd8 21. Ng5
Nxg5 22. Bxg5 Nf6 23. Kg2 Rd7 24. Rab1 Rb8 25. Rxb8+ Qxb8 26. Rb1 Qd8 27. Rb4
h6 28. Qb3 Kh7 29. Rb8 Qe7 30. Re8 Qxe8 31. Nxe8 Nxe8 32. Be3 Nf6 33. Qa4 Rc7
34. Bd2 Bf8 35. Ba5 Rc8 36. Qc4 {Source: Bulletin} 1-0

[Event "Benedictine IV"]
[Site "Manchester"]
[Date "1981.09.04"]
[Round "1"]
[White "Ravikumar, Vaidyanathan"]
[Black "Petursson, Margeir"]
[Result "1-0"]
[WhiteElo "2325"]
[BlackElo "2460"]
[PlyCount "93"]
[EventDate "1981.09.04"]
[EventType "swiss"]
[EventRounds "9"]
[EventCountry "ENG"]
[SourceTitle "Bulletin 1981"]

1. Nf3 Nf6 2. g3 c5 3. Bg2 Nc6 4. O-O d5 5. d3 g6 6. a3 Bg7 7. c3 O-O 8. b4
cxb4 9. axb4 b5 10. Na3 Rb8 11. Bf4 Rb7 12. Ne5 Bd7 13. Qb3 e6 14. Nc2 Nh5 15.
Nxc6 Bxc6 16. Be3 Qc7 17. Ra6 Rc8 18. Rfa1 Be8 19. Bc5 Qe5 20. Nd4 Nf6 21. Bd6
Qh5 22. Rxa7 Rxa7 23. Rxa7 e5 24. Nf3 e4 25. Nd4 e3 26. f3 Ne4 27. Bc7 Be5 28.
Bxe5 Rxc3 29. Qxc3 Nxc3 30. Re7 f6 31. Bxf6 Bf7 32. g4 Qh6 33. Rc7 Qf4 34. Rc8+
Be8 35. Rxe8+ Kf7 36. Rf8+ Kxf8 37. Ne6+ Kf7 38. Nxf4 Kxf6 39. d4 g5 40. Nh5+
Ke6 41. Kf1 Na2 42. f4 Nxb4 43. fxg5 Nc2 44. Nf4+ Kd6 45. Nxd5 b4 46. Nxb4 Nxb4
47. Be4 {Source: Bulletin} 1-0

[Event "Benedictine IV"]
[Site "Manchester"]
[Date "1981.09.04"]
[Round "1"]
[White "Strauss, David J"]
[Black "Jacobs, Byron A"]
[Result "1-0"]
[WhiteElo "2410"]
[BlackElo "2245"]
[PlyCount "51"]
[EventDate "1981.09.04"]
[EventType "swiss"]
[EventRounds "9"]
[EventCountry "ENG"]
[SourceTitle "Bulletin 1981"]

1. Nf3 Nf6 2. c4 c5 3. Nc3 e6 4. g3 Nc6 5. Bg2 d5 6. cxd5 Nxd5 7. O-O Nxc3 8.
bxc3 Be7 9. d4 O-O 10. e4 b5 11. d5 exd5 12. exd5 Na5 13. Rb1 Rb8 14. Bf4 Bd6
15. Bxd6 Qxd6 16. Qd3 Nc4 17. Rfe1 Qf6 18. Nd2 Bf5 19. Be4 Nxd2 20. Qxd2 Rfd8
21. Bxf5 Qxf5 22. d6 h6 23. Rbd1 Rd7 24. Re7 Rbd8 25. Qe2 a6 26. g4 {Source:
Bulletin} 1-0

[Event "Benedictine IV"]
[Site "Manchester"]
[Date "1981.09.04"]
[Round "1"]
[White "Tisdall, Jonathan D"]
[Black "Smith, Alan A"]
[Result "1-0"]
[WhiteElo "2415"]
[BlackElo "2250"]
[PlyCount "57"]
[EventDate "1981.09.04"]
[EventType "swiss"]
[EventRounds "9"]
[EventCountry "ENG"]
[SourceTitle "Bulletin 1981"]

1. d4 g6 2. c4 Bg7 3. Nc3 d6 4. e4 f5 5. exf5 Bxf5 6. Be3 Nh6 7. h3 O-O 8. Qd2
Nf7 9. Nge2 e5 10. d5 Qh4 11. g3 Qe7 12. g4 Bd7 13. Ng3 c5 14. O-O-O b5 15.
Nce4 a6 16. Be2 bxc4 17. h4 a5 18. h5 a4 19. a3 Na6 20. f3 c3 21. Nxc3 Rfb8 22.
hxg6 hxg6 23. Nge4 Rb6 24. Bxa6 Raxa6 25. Qh2 Rb3 26. Qh7+ Kf8 27. Qxg6 Rab6
28. Rh7 Nd8 29. Bh6 {Source: Bulletin} 1-0

[Event "Benedictine IV"]
[Site "Manchester"]
[Date "1981.09.04"]
[Round "1"]
[White "Villeneuve, Alain"]
[Black "Ligterink, Gert"]
[Result "0-1"]
[WhiteElo "2320"]
[BlackElo "2450"]
[PlyCount "136"]
[EventDate "1981.09.04"]
[EventType "swiss"]
[EventRounds "9"]
[EventCountry "ENG"]
[SourceTitle "Ligterink, Gert"]

1. d4 Nf6 2. c4 e6 3. Nc3 Bb4 4. e3 c5 5. Bd3 Nc6 6. Nf3 Bxc3+ 7. bxc3 d6 8. e4
e5 9. d5 Ne7 10. Nd2 Qa5 11. Qc2 Nh5 12. g3 O-O 13. O-O Bh3 14. Re1 f5 15. exf5
Nxf5 16. Bf1 Bxf1 17. Rxf1 Qd8 18. Ne4 Qe8 19. Rb1 b6 20. Rb2 h6 21. f3 Nf6 22.
a4 Qd7 23. a5 bxa5 24. Ra2 Nxe4 25. Qxe4 a4 26. Bd2 Rf7 27. Qc2 Ne7 28. Rxa4
Raf8 29. Kg2 Nc8 30. Ra2 Nb6 31. Qe4 Qf5 32. Qxf5 Rxf5 33. Rxa7 Nxc4 34. Bc1 e4
35. f4 Rxd5 36. Ra4 Nd2 37. Rd1 e3 38. Ra2 e2 39. Re1 Nc4 40. Ra4 Rd1 41. Kf2
Nb6 42. Ra6 Nd5 43. Bb2 Rxe1 44. Kxe1 Re8 45. Ba1 Kf7 46. Ra2 Nb6 47. Rxe2
Rxe2+ 48. Kxe2 Nc4 49. Kd3 d5 50. Kc2 Ke6 51. Kb3 Ne3 52. Bb2 c4+ 53. Kb4 Nf1
54. Kc5 Nxh2 55. Kd4 g6 56. Ba3 h5 57. Ke3 Nf1+ 58. Kf2 Nd2 59. Bb4 Ne4+ 60.
Kf3 Kf5 61. Ba5 d4 62. cxd4 c3 63. Bb4 c2 64. Ba3 Nd2+ 65. Kg2 Ke4 66. Kh3 Kf3
67. d5 Nc4 68. Bc1 Ke2 {Source: Gert Ligterink} 0-1

[Event "Benedictine IV"]
[Site "Manchester"]
[Date "1981.09.05"]
[Round "2"]
[White "Arnason, Jon L"]
[Black "Wells, Ian Duncan"]
[Result "1-0"]
[WhiteElo "2440"]
[BlackElo "2355"]
[PlyCount "72"]
[EventDate "1981.09.04"]
[EventType "swiss"]
[EventRounds "9"]
[EventCountry "ENG"]
[SourceTitle "Bulletin 1981"]

1. e4 c6 2. d4 d5 3. Nd2 dxe4 4. Nxe4 Nd7 5. Bc4 Ngf6 6. Ng5 e6 7. Qe2 Nb6 8.
Bd3 h6 9. N5f3 Qc7 10. Ne5 Bd6 11. Ngf3 O-O 12. Bd2 c5 13. dxc5 Qxc5 14. O-O-O
Nbd7 15. Nc4 Be7 16. Rhg1 b5 17. Nce5 Bb7 18. g4 Bxf3 19. Nxf3 Nd5 20. g5 Rac8
21. gxh6 g6 22. Rxg6+ fxg6 23. Qxe6+ Rf7 24. Qxg6+ Kf8 25. h7 Bf6 26. Qg8+ Ke7
27. Re1+ Kd6 28. Qxf7 Rf8 29. Qe6+ Kc7 30. Be4 N5b6 31. Bf4+ Kd8 32. Bd6 Bxb2+
33. Kxb2 Qxd6 34. Qxd6 Nc4+ 35. Kc1 Nxd6 36. Ng5 Nc5 {Source: Bulletin} 1-0

[Event "Benedictine IV"]
[Site "Manchester"]
[Date "1981.09.05"]
[Round "2"]
[White "Basman, Michael John"]
[Black "Whitehead, Clare E"]
[Result "1-0"]
[WhiteElo "2400"]
[BlackElo "1885"]
[PlyCount "50"]
[EventDate "1981.09.04"]
[EventType "swiss"]
[EventRounds "9"]
[EventCountry "ENG"]
[SourceTitle "Bulletin 1981"]

1. g4 d5 2. h3 e5 3. Bg2 Nc6 4. c4 dxc4 5. b3 Be6 6. bxc4 Bc5 7. Nc3 Nge7 8.
Nf3 Ng6 9. d3 O-O 10. O-O Nh4 11. Nxh4 Qxh4 12. Ne4 Be7 13. Rb1 f5 14. gxf5
Bxf5 15. Rxb7 Bxh3 16. e3 Nd8 17. Rb2 Ne6 18. f3 Rad8 19. Bxh3 Qxh3 20. Rh2 Qf5
21. Qa4 Ng5 22. Nxg5 Qxg5+ 23. Rg2 Qh5 24. Qc6 Rxd3 25. Qxc7 Bd8 $4 {Source:
Bulletin} 1-0

[Event "Benedictine IV"]
[Site "Manchester"]
[Date "1981.09.05"]
[Round "2"]
[White "Davies, Nigel Rodney"]
[Black "Berg, Klaus"]
[Result "1-0"]
[WhiteElo "2395"]
[BlackElo "2295"]
[PlyCount "37"]
[EventDate "1981.09.04"]
[EventType "swiss"]
[EventRounds "9"]
[EventCountry "ENG"]
[SourceTitle "Bulletin 1981"]

1. d4 e6 2. e4 d5 3. Nc3 dxe4 4. Nxe4 Nd7 5. Nf3 Ngf6 6. Bd3 b6 7. Nxf6+ Nxf6
8. Ne5 a6 9. Bg5 Bb7 10. Qe2 Bxg2 11. Rg1 Bb7 12. O-O-O Be7 13. f4 g6 14. f5
Nd5 15. Nxf7 Kxf7 16. Qxe6+ Ke8 17. fxg6 Qd6 18. g7 Qxe6 19. gxh8=Q+ {Source:
Bulletin (note, correct move order)} 1-0

[Event "Benedictine IV"]
[Site "Manchester"]
[Date "1981.09.05"]
[Round "2"]
[White "Keene, Raymond D"]
[Black "Bellin, Robert"]
[Result "1-0"]
[WhiteElo "2475"]
[BlackElo "2390"]
[PlyCount "95"]
[EventDate "1981.09.04"]
[EventType "swiss"]
[EventRounds "9"]
[EventCountry "ENG"]
[SourceTitle "Bulletin 1981"]

1. d4 f5 2. Nf3 e6 3. g3 Nf6 4. Bg2 Be7 5. O-O O-O 6. c4 c6 7. Nc3 d5 8. b3 b6
9. Bb2 Bb7 10. e3 Na6 11. Ne2 Bd6 12. Nf4 Qe7 13. Rc1 Rac8 14. Ng5 h6 15. Nf3
Rfd8 16. Qe2 g5 17. Nd3 Qh7 18. Nfe5 Nb8 19. f3 Rf8 20. Nf2 Rce8 21. Ned3 Nfd7
22. e4 dxc4 23. bxc4 c5 24. e5 Be7 25. d5 exd5 26. f4 b5 27. cxd5 c4 28. Ne1
Bc5 29. Qd2 Nb6 30. d6 b4 31. Bd4 Bxd4 32. Qxd4 Nc6 33. Qc5 Qd7 34. Nf3 gxf4
35. gxf4 Kh8 36. Nh1 Rg8 37. Ng3 Rg4 38. Rce1 Rxf4 39. Nh5 Rg4 40. Nf6 Qg7 41.
Nxg4 fxg4 42. Nh4 Nd7 43. Qd5 Nd8 44. Qxc4 Bxg2 45. Kxg2 Ne6 46. Qe4 Rg8 47.
Nf5 Qg5 48. Qe3 {time (Source: Bulletin)} 1-0

[Event "Benedictine IV"]
[Site "Manchester"]
[Date "1981.09.05"]
[Round "2"]
[White "King, Daniel J"]
[Black "Kudrin, Sergey"]
[Result "1-0"]
[WhiteElo "2320"]
[BlackElo "2465"]
[PlyCount "73"]
[EventDate "1981.09.04"]
[EventType "swiss"]
[EventRounds "9"]
[EventCountry "ENG"]
[SourceTitle "Bulletin 1981"]

1. e4 e5 2. Nf3 Nc6 3. Bb5 a6 4. Ba4 Nf6 5. O-O Be7 6. Bxc6 dxc6 7. d3 Nd7 8.
Nbd2 O-O 9. Nc4 Bf6 10. b3 Re8 11. Bb2 c5 12. h3 a5 13. a4 b6 14. Nh2 Nf8 15.
Ng4 Ng6 16. Qf3 Bxg4 17. hxg4 Bg5 18. g3 f6 19. Qg2 Qd7 20. f3 Bh6 21. Rf2 Rab8
22. Raf1 c6 23. f4 b5 24. axb5 cxb5 25. Ne3 a4 26. Nf5 axb3 27. Qh3 Rb7 28. g5
fxg5 29. fxe5 Re6 30. cxb3 Rb8 31. d4 cxd4 32. Nxd4 Rd6 33. e6 Qa7 34. Nf5 Rd2
35. Kg2 Rbd8 36. e7 Nxe7 37. Nxh6+ {Source: Bulletin} 1-0

[Event "Benedictine IV"]
[Site "Manchester"]
[Date "1981.09.05"]
[Round "2"]
[White "Knox, Victor W"]
[Black "Pytel, Bozena"]
[Result "1-0"]
[WhiteElo "2315"]
[BlackElo "2015"]
[PlyCount "39"]
[EventDate "1981.09.04"]
[EventType "swiss"]
[EventRounds "9"]
[EventCountry "ENG"]
[SourceTitle "Bulletin 1981"]

1. e4 e6 2. d4 d5 3. Nc3 Bb4 4. e5 c5 5. Bd2 Ne7 6. Nb5 O-O 7. c3 Ba5 8. dxc5
Bc7 9. f4 Nd7 10. b4 b6 11. cxb6 Nxb6 12. Nf3 Bb7 13. Bd3 Nc4 14. Bxh7+ Kxh7
15. Ng5+ Kg6 16. Qg4 f5 17. Qg3 Qd7 18. Nxe6+ Kf7 19. Qxg7+ Kxe6 20. Nd4# {
Source: Bulletin} 1-0

[Event "Benedictine IV"]
[Site "Manchester"]
[Date "1981.09.05"]
[Round "2"]
[White "Kuligowski, Adam"]
[Black "Flear, Glenn C"]
[Result "1/2-1/2"]
[WhiteElo "2405"]
[BlackElo "2385"]
[PlyCount "60"]
[EventDate "1981.09.04"]
[EventType "swiss"]
[EventRounds "9"]
[EventCountry "ENG"]
[SourceTitle "Bulletin 1981"]

1. d4 d5 2. c4 e6 3. Nf3 Nf6 4. Bg5 Nbd7 5. cxd5 exd5 6. Nc3 Be7 7. e3 c6 8.
Qc2 O-O 9. Bd3 Re8 10. O-O g6 11. Rab1 Nh5 12. Bxe7 Qxe7 13. Na4 a5 14. a3 Ng7
15. Rfc1 Ne6 16. h4 Ng7 17. Re1 Qd8 18. g3 Nf6 19. b4 axb4 20. axb4 Ng4 21. Nc5
Qf6 22. Nh2 Nxh2 23. Kxh2 Nf5 24. Ra1 Nxh4 25. gxh4 Qxh4+ 26. Kg1 Bh3 27. Bf1
Rxa1 28. Rxa1 Bxf1 29. Rxf1 Qg4+ 30. Kh2 Qh4+ {Source: Bulletin} 1/2-1/2

[Event "Benedictine IV"]
[Site "Manchester"]
[Date "1981.09.05"]
[Round "2"]
[White "Ligterink, Gert"]
[Black "Hodgson, Julian M"]
[Result "1/2-1/2"]
[WhiteElo "2450"]
[BlackElo "2370"]
[PlyCount "51"]
[EventDate "1981.09.04"]
[EventType "swiss"]
[EventRounds "9"]
[EventCountry "ENG"]
[SourceTitle "Bulletin 1981"]

1. d4 b5 2. e4 Bb7 3. Bd3 Nf6 4. Qe2 e6 5. Nf3 c5 6. c3 a6 7. O-O Nc6 8. Nbd2
Qb6 9. d5 Ne7 10. c4 Ng6 11. g3 b4 12. b3 e5 13. Bb2 d6 14. Ne1 h5 15. a3 a5
16. axb4 axb4 17. Rxa8+ Bxa8 18. f4 Be7 19. Ng2 Bb7 20. Nf3 Qc7 21. fxe5 Nxe5
22. Nxe5 dxe5 23. Rf5 Bd6 24. Ne3 Qe7 25. Rf1 g6 26. Qd1 {Source: Bulletin}
1/2-1/2

[Event "Benedictine IV"]
[Site "Manchester"]
[Date "1981.09.05"]
[Round "2"]
[White "Martin, Andrew D"]
[Black "Haik, Aldo"]
[Result "1/2-1/2"]
[WhiteElo "2345"]
[BlackElo "2440"]
[PlyCount "91"]
[EventDate "1981.09.04"]
[EventType "swiss"]
[EventRounds "9"]
[EventCountry "ENG"]
[SourceTitle "Bulletin 1981"]

1. Nf3 c5 2. e4 Nc6 3. d4 cxd4 4. Nxd4 g6 5. c4 Bg7 6. Be3 Nf6 7. Nc3 O-O 8.
Be2 b6 9. O-O Bb7 10. Qd2 Re8 11. f3 Rc8 12. Rac1 Qc7 13. Rfd1 Qb8 14. Nc2 d6
15. Nd4 Rcd8 16. Nxc6 Bxc6 17. b4 Nd7 18. a3 Nf8 19. Qa2 h6 20. Bf1 Nd7 21. Nb5
Rc8 22. a4 a6 23. Nd4 Bb7 24. Nb3 Ba8 25. a5 bxa5 26. Qxa5 Ne5 27. Nd4 Nc6 28.
Nxc6 Rxc6 29. b5 axb5 30. cxb5 Rxc1 31. Rxc1 Rc8 32. Qa7 e6 33. b6 Bb7 34. Qxb8
Rxb8 35. Rc7 d5 36. exd5 Bxd5 37. Ba6 Be5 38. f4 Bd6 39. Rd7 Bxf4 40. Bxf4 Rxb6
41. Be5 f6 42. Bxf6 Rxa6 43. Rg7+ Kf8 44. Rxg6 Kf7 45. Rxh6 e5 46. Bg5 {
Source: Bulletin} 1/2-1/2

[Event "Benedictine IV"]
[Site "Manchester"]
[Date "1981.09.05"]
[Round "2"]
[White "Plaskett, H James"]
[Black "Ravikumar, Vaidyanathan"]
[Result "0-1"]
[WhiteElo "2410"]
[BlackElo "2325"]
[PlyCount "88"]
[EventDate "1981.09.04"]
[EventType "swiss"]
[EventRounds "9"]
[EventCountry "ENG"]
[SourceTitle "Bulletin 1981"]

1. e4 e6 2. d4 d5 3. Nd2 dxe4 4. Nxe4 Bd7 5. Nf3 Bc6 6. Bd3 Nd7 7. O-O Bxe4 8.
Bxe4 c6 9. c4 Ngf6 10. Bc2 Be7 11. Qd3 O-O 12. Re1 Re8 13. Bg5 g6 14. Rad1 Qb6
15. Bb3 Rad8 16. Qe2 Qc7 17. a3 Bf8 18. Ne5 Bg7 19. Ng4 Nxg4 20. Qxg4 Ra8 21.
Re3 Nf8 22. Rde1 a5 23. Rd1 a4 24. Ba2 c5 25. d5 Bxb2 26. d6 Qd7 27. Be7 Rxe7
28. dxe7 Qxe7 29. Rb1 Bd4 30. Ree1 Rd8 31. Qf3 Rd7 32. Rb5 e5 33. Bb1 f5 34.
Bc2 Ne6 35. Rb6 Ng5 36. Qe2 e4 37. Bxa4 Rd8 38. Bc2 Qc7 39. Reb1 Qf4 40. g3
Nf3+ 41. Kg2 Qh6 42. h3 Bxf2 43. Rxb7 Qg5 44. Kh1 Qxg3 {Source: Bulletin} 0-1

[Event "Benedictine IV"]
[Site "Manchester"]
[Date "1981.09.05"]
[Round "2"]
[White "Roos, Daniel"]
[Black "Ciric, Dragoljub M"]
[Result "1/2-1/2"]
[WhiteElo "2360"]
[BlackElo "2400"]
[PlyCount "50"]
[EventDate "1981.09.04"]
[EventType "swiss"]
[EventRounds "9"]
[EventCountry "ENG"]
[SourceTitle "Bulletin 1981"]

1. e4 c6 2. d4 d5 3. Nd2 dxe4 4. Nxe4 Nf6 5. Nxf6+ gxf6 6. c3 Bf5 7. Ne2 e6 8.
Ng3 Bg6 9. h4 h6 10. h5 Bh7 11. Be3 Nd7 12. Qd2 Qa5 13. Bxh6 Bxh6 14. Qxh6
O-O-O 15. Qd2 e5 16. Be2 f5 17. dxe5 Qxe5 18. Rh4 Nc5 19. Qe3 Qxe3 20. fxe3
Rhg8 21. Nf1 Rxg2 22. Rd1 Re8 23. Rd6 Ne6 24. Rd2 Ng5 25. Bd1 Rxd2 {Source:
Bulletin} 1/2-1/2

[Event "Benedictine IV"]
[Site "Manchester"]
[Date "1981.09.05"]
[Round "2"]
[White "Strauss, David J"]
[Black "Miles, Anthony J"]
[Result "0-1"]
[WhiteElo "2410"]
[BlackElo "2565"]
[PlyCount "76"]
[EventDate "1981.09.04"]
[EventType "swiss"]
[EventRounds "9"]
[EventCountry "ENG"]
[SourceTitle "Bulletin 1981"]

1. Nf3 Nf6 2. c4 c5 3. Nc3 d5 4. cxd5 Nxd5 5. d4 g6 6. e4 Nxc3 7. bxc3 Bg7 8.
Bb5+ Nd7 9. O-O O-O 10. a4 b6 11. Bg5 Bb7 12. Qd3 cxd4 13. cxd4 Rc8 14. Rfe1
Nf6 15. Rad1 Qc7 16. d5 Ng4 17. Qa3 a6 18. Rc1 Qb8 19. Bd7 Rxc1 20. Rxc1 Nf6
21. Qxe7 Nxd7 22. Qxd7 Rc8 23. Rd1 h6 24. Be7 Rc4 25. e5 Rc7 26. Qd8+ Qxd8 27.
Bxd8 Rd7 28. Bxb6 Rxd5 29. Re1 Rd3 30. a5 Kf8 31. Kf1 Ke7 32. Rb1 Bxf3 33. gxf3
Bxe5 34. Bc5+ Kd7 35. Rb6 Rd5 36. Bb4 Rd1+ 37. Kg2 Rb1 38. Rb7+ Bc7 {Source:
Bulletin} 0-1

[Event "Benedictine IV"]
[Site "Manchester"]
[Date "1981.09.05"]
[Round "2"]
[White "Sydor, Andrzej"]
[Black "Hanreck, Alan"]
[Result "1/2-1/2"]
[WhiteElo "2420"]
[BlackElo "2275"]
[PlyCount "58"]
[EventDate "1981.09.04"]
[EventType "swiss"]
[EventRounds "9"]
[EventCountry "ENG"]
[SourceTitle "Bulletin 1981"]

1. d4 Nf6 2. Nf3 e6 3. c4 Bb4+ 4. Nbd2 Nc6 5. e3 Qe7 6. Be2 O-O 7. O-O Bxd2 8.
Qxd2 a5 9. Qc2 d6 10. Bd2 e5 11. dxe5 dxe5 12. h3 Nd7 13. Rac1 Nc5 14. Rfd1 Qf6
15. b3 e4 16. Ne1 Qg6 17. Kf1 f5 18. Qb2 Be6 19. Nc2 Rad8 20. Bc3 Nd3 21. Bxd3
exd3 22. Nd4 Nxd4 23. exd4 f4 24. f3 Rde8 25. Re1 Bf5 26. Re5 Rxe5 27. dxe5 b6
28. Qf2 Rd8 29. Qh4 Rf8 {Source: Bulletin} 1/2-1/2

[Event "Benedictine IV"]
[Site "Manchester"]
[Date "1981.09.06"]
[Round "3"]
[White "Ciric, Dragoljub M"]
[Black "Dlugy, Maxim"]
[Result "1/2-1/2"]
[WhiteElo "2400"]
[BlackElo "2350"]
[PlyCount "46"]
[EventDate "1981.09.04"]
[EventType "swiss"]
[EventRounds "9"]
[EventCountry "ENG"]
[SourceTitle "Bulletin 1981"]

1. e4 c6 2. d4 d5 3. Nd2 dxe4 4. Nxe4 Nf6 5. Nxf6+ gxf6 6. Nf3 Bf5 7. Be2 e6 8.
O-O Qc7 9. c4 Nd7 10. d5 O-O-O 11. Nd4 Bg6 12. Be3 e5 13. Nb3 Kb8 14. Qe1 Rg8
15. dxc6 Be4 16. f3 Bxc6 17. Qf2 a6 18. Bd3 h5 19. Bf5 Ba4 20. Bxd7 Rxd7 21.
Nc5 Bxc5 22. Bxc5 Rd3 23. b3 Bc6 {Source: Bulletin} 1/2-1/2